Adivina el logo - Argentina 8 - Estadísticas

Estadísticas generales
  • Esta prueba ha sido intentada 39 veces
  • La puntuación promedio es 10 de 16
Estadísticas de respuestas
Imagen Respuesta % Correcto
La Serenísima
91%
Beldent
88%
Sancor
88%
SEGA
82%
Cablevisión
79%
Encuentro
73%
Cocinero
70%
Fargo
70%
SportsCenter
70%
Dos Anclas
67%
La 100
64%
Sin Codificar
55%
Ceramicol
39%
Ruibal
39%
Curitas
18%
Sprayette
15%
No se encontraron pruebas coincidentes
Distribución de puntuación
Porcentaje de gente con cada puntuación
Porcentaje por número respondido
Historial de tus puntuaciones
No has intentado esta prueba.